Statistics for Words That Start With D

Click here to take the quiz!

General Stats

  • This quiz has been taken 32 times
  • The average score is 8 of 13

Answer Stats

HintAnswer% Correct
A Book Where We Get Vocabulary FromDictionary
100%
When The Sun RisesDawn
92%
U.S. State Beginning With DDelaware
92%
Hazards Mean _______Danger
88%
A Food Growing In A Palm TreeDate
83%
We Normally ________ In Our SleepsDream
83%
A _____ft Is Used In WritingDraft
67%
What You Call People Who Can't TalkDumb
63%
____shes Are Meals .Dishes
50%
This Punctuation (__________)Dash
33%
Opposite Of Save?Delete
25%
Around A Paragraph About DescribingDescription
25%
Germs In The Toilet Go In ______Drains
21%

Score Distribution

Percentile by Number Answered

Percent of People with Each Score

Your Score History

You have not taken this quiz